Alle Teilnehmer der Endrunde bei Fußballweltmeisterschaften - Statistiken

Allgemein
  • Dieses Quiz wurde 119 mal gespielt
  • Das Durchschnittsergebnis liegt bei 63 aus 80
Antwortstatistiken
Ewige WM-Tabelle Nationalmannschaft % Korrekt
1 Brasilien
99%
3 Argentinien
97%
2 Deutschland (BRD)
97%
51 Deutschland (DDR)
97%
5 Frankreich
97%
12 Russland (Sowjetunion)
97%
7 Spanien
96%
9 Uruguay
96%
6 England
95%
4 Italien
95%
15 Portugal
95%
8 Niederlande
94%
21 Österreich
94%
17 Schweiz
94%
10 Belgien
92%
22 Chile
92%
29 Japan
92%
19 Kroatien
92%
16 Polen
92%
11 Schweden
92%
41 Australien
91%
49 Südafrika
91%
24 Dänemark
90%
50 Norwegen
90%
26 Südkorea
90%
65 Ägypten
89%
76 China
89%
32 Marokko
89%
13 Mexiko
89%
77 Kanada
88%
27 Kolumbien
88%
20 Tschechien
87%
45 Saudi-Arabien
86%
40 Türkei
86%
52 Griechenland
85%
42 Irland
85%
18 Ungarn
85%
61 Neuseeland
84%
37 Peru
84%
53 Ukraine
84%
28 Rumänien
83%
36 Ghana
82%
66 Island
82%
14 Serbien
82%
55 Slowakei
81%
47 Algerien
80%
34 Schottland
80%
38 Ecuador
78%
46 Iran
78%
25 Paraguay
78%
54 Wales
78%
56 Slowenien
77%
31 Kamerun
76%
72 Katar
76%
44 Tunesien
76%
39 Bulgarien
75%
58 Nordkorea
75%
70 Irak
74%
33 Nigeria
74%
35 Senegal
73%
69 Bolivien
72%
48 Elfenbeinküste
72%
30 Costa Rica
71%
74 Panama
70%
59 Bosnien und Herzegowina
67%
62 Honduras
62%
43 Nordirland
62%
64 Israel
61%
79 Demokratische Republik Kongo
59%
57 Kuba
57%
60 Jamaika
54%
78 Haiti
49%
71 Togo
48%
63 Angola
46%
80 El Salvador
45%
68 Trinidad und Tobago
44%
73 Indonesien
43%
74 Vereinigte Arabische Emirate
43%
23 Vereinigte Staaten von Amerika
39%
67 Kuwait
32%
Keine übereinstimmenden Quizze gefunden
Verteilung der Resultate
Anzahl Personen mit jedem Resultat
Perzentil nach korrekt beantworteten Fragen
Ihre Resultats-Entwicklung
Sie haben dieses Quiz noch nicht gespielt